[Event "Ghent op 24th"]
[Site "Ghent"]
[Date "2001.07.17"]
[Round "8"]
[White "Mikhalevski, Victor"]
[Black "Wortel, Marten"]
[Result "1-0"]
[WhiteElo "2501"]
[BlackElo "2329"]
[PlyCount "55"]
[EventDate "2001.07.14"]
[EventType "swiss"]
[EventRounds "9"]
[EventCountry "BEL"]
[SourceTitle "EXT 2002"]
[Source "ChessBase"]
[SourceDate "2001.11.25"]
[SourceVersion "1"]
[SourceVersionDate "2001.11.25"]
[SourceQuality "1"]

1. d4 Nf6 2. c4 g6 3. Nc3 Bg7 4. e4 0-0 5. Nf3 d6 6. Be2 c6 7. 0-0 a6 8. h3 b5 9. a3 Nbd7 10. Bg5 h6 11. Be3 Nb6 12. b3 Bb7 13. Qc1 Kh7 14. Rd1 Rc8 15. c5 Nbd7 16. b4 Qc7 17. Bf4 Ne8 18. Bh2 e5 19. cxd6 Qxd6 20. Nxe5 Nxe5 21. dxe5 Qe7 22. Bg4 Rd8 23. Rxd8 Qxd8 24. Qe3 Nc7 25. Rd1 Qa8 26. Rd7 Ne6 27. Bxe6 fxe6 28. Qb6 1-0

[Event "NED-ch U20 Girls"]
[Site "Nijmegen"]
[Date "2001.??.??"]
[Round "8"]
[White "Hamelink, Desiree"]
[Black "Wortel, Marten"]
[Result "0-1"]
[WhiteElo "2112"]
[BlackElo "2302"]
[PlyCount "102"]
[EventDate "2001.??.??"]
[EventType "tourn"]
[EventRounds "9"]
[EventCountry "NED"]
[SourceTitle "EXT 2002"]
[Source "ChessBase"]
[SourceDate "2001.11.25"]
[SourceVersion "1"]
[SourceVersionDate "2001.11.25"]
[SourceQuality "1"]

1. e4 c5 2. Nf3 a6 3. c4 b6 4. d4 cxd4 5. Nxd4 Bb7 6. Nc3 d6 7. g3 Nf6 8. Bg2 e6 9. 0-0 Qc7 10. Qe2 Nc6 11. Nxc6 Bxc6 12. Nd5 Qb7 13. Bg5 Be7 14. Nxe7 Kxe7 15. b4 b5 16. c5 dxc5 17. bxc5 h6 18. Bxf6+ Kxf6 19. e5+ Ke7 20. Bxc6 Qxc6 21. Qg4 Rhg8 22. Qh4+ Ke8 23. Rac1 Rd8 24. Rfd1 Rd5 25. Rxd5 exd5 26. Qd4 Ke7 27. f4 g6 28. Kf2 Rc8 29. e6 Kxe6 30. Re1+ Kd7 31. Re5 Kc7 32. Rxd5 Kb8 33. Qe5+ Rc7 34. Qd4 Kb7 35. g4 Kb8 36. Kg3 Qe6 37. Re5 Qc6 38. Qd8+ Kb7 39. Re8 Qxc5 40. Qb8+ Kc6 41. Qa8+ Kb6 42. Qb8+ Ka5 43. Qd8 g5 44. fxg5 hxg5 45. Re2 Kb6 46. Qf6+ Ka7 47. Qf5 Qg1+ 48. Kf3 Qf1+ 49. Rf2 Rc3+ 50. Ke4 Qd3+ 51. Ke5 Rc5+ 0-1

[Event "Utrecht OKU op-A"]
[Site "Utrecht"]
[Date "2001.??.??"]
[Round "6"]
[White "Veltkamp, Gerben"]
[Black "Wortel, Marten"]
[Result "1/2-1/2"]
[WhiteElo "2203"]
[BlackElo "2302"]
[PlyCount "76"]
[EventDate "2001.05.??"]
[EventType "swiss"]
[EventRounds "6"]
[EventCountry "NED"]
[SourceTitle "EXT 2003"]
[Source "ChessBase"]
[SourceDate "2002.11.25"]
[SourceVersion "1"]
[SourceVersionDate "2002.11.25"]
[SourceQuality "1"]

1. b3 e5 2. Bb2 Nc6 3. e3 d6 4. c4 g6 5. Nc3 Bg7 6. g3 Be6 7. Bg2 Qd7 8. h3 Nge7 9. Nge2 d5 10. cxd5 Nxd5 11. Ne4 Ndb4 12. d4 exd4 13. a3 Na6 14. b4 f5 15. b5 fxe4 16. bxc6 Qxc6 17. Nxd4 Qb6 18. 0-0 Bd5 19. Ne6 Qxe6 20. Bxg7 Rg8 21. Bd4 0-0-0 22. Qb1 Kb8 23. Rc1 Rgf8 24. a4 Rc8 25. Qb5 Rf5 26. Rab1 Rf7 27. Bf1 Ka8 28. Qa5 Rf5 29. Bxa6 Qxa6 30. Rxc7 Rxc7 31. Qxc7 Rf8 32. a5 Qc6 33. Rc1 Qxc7 34. Rxc7 h5 35. Rd7 Bc4 36. Re7 Bd5 37. Rd7 Bc4 38. Re7 Bd5 1/2-1/2

[Event "NED-ch U20"]
[Site "Nijmegen"]
[Date "2001.??.??"]
[Round "3"]
[White "Wortel, Marten"]
[Black "Stellwagen, Daniel"]
[Result "1-0"]
[WhiteElo "2302"]
[BlackElo "2276"]
[PlyCount "65"]
[EventDate "2001.??.??"]
[EventType "swiss"]
[EventRounds "9"]
[EventCountry "NED"]
[SourceTitle "EXT 2002"]
[Source "ChessBase"]
[SourceDate "2001.11.25"]
[SourceVersion "1"]
[SourceVersionDate "2001.11.25"]
[SourceQuality "1"]

1. d4 Nf6 2. c3 d5 3. Bg5 Ne4 4. Bf4 c6 5. Nd2 Bf5 6. Nxe4 Bxe4 7. h4 h6 8. f3 Bh7 9. e3 e6 10. Bd3 Bxd3 11. Qxd3 Bd6 12. Ne2 Bxf4 13. Nxf4 Nd7 14. 0-0-0 Qa5 15. Kb1 0-0-0 16. h5 Kb8 17. Rh3 e5 18. Ne2 Qc7 19. Ng3 Nf6 20. Qc2 Nh7 21. Nf5 Ng5 22. Rhh1 f6 23. c4 exd4 24. Rxd4 Ne6 25. Rdd1 dxc4 26. Qxc4 Qe5 27. g4 Nc7 28. Qb3 Ne6 29. Ne7 Nc5 30. Nxc6+ Kc7 31. Nxe5 Nxb3 32. Ng6 Nd2+ 33. Rxd2 1-0

[Event "NED-ch U20 Girls"]
[Site "Nijmegen"]
[Date "2001.??.??"]
[Round "2"]
[White "Wortel, Marten"]
[Black "Veenstra, Petra"]
[Result "1-0"]
[WhiteElo "2302"]
[BlackElo "2098"]
[PlyCount "97"]
[EventDate "2001.??.??"]
[EventType "tourn"]
[EventRounds "9"]
[EventCountry "NED"]
[SourceTitle "EXT 2002"]
[Source "ChessBase"]
[SourceDate "2001.11.25"]
[SourceVersion "1"]
[SourceVersionDate "2001.11.25"]
[SourceQuality "1"]

1. e4 e5 2. Nf3 Nc6 3. Bb5 a6 4. Ba4 Nf6 5. 0-0 Be7 6. Re1 b5 7. Bb3 d6 8. c3 0-0 9. h3 Bb7 10. d4 Re8 11. Ng5 Rf8 12. Nf3 Re8 13. Nbd2 Bf8 14. d5 Ne7 15. Nf1 g6 16. a4 Bg7 17. Ng3 Qd7 18. Qe2 Rf8 19. Bc2 Ne8 20. Nd2 f5 21. f3 Nf6 22. Nb3 f4 23. Nh1 g5 24. Bd2 h5 25. Na5 Bc8 26. Nc6 Nxc6 27. dxc6 Qxc6 28. axb5 Qb6+ 29. Nf2 g4 30. Kh1 gxh3 31. Nxh3 Bh6 32. Bd3 h4 33. bxa6 Nh5 34. Qf2 Ng3+ 35. Kg1 c5 36. Bc4+ Kh7 37. b4 Bxa6 38. bxc5 dxc5 39. Bxa6 Rxa6 40. Rxa6 Qxa6 41. Qxc5 Qa2 42. Rd1 Qb3 43. Nf2 Qe6 44. Be1 Ne2+ 45. Kh2 Re8 46. Ng4 Bf8 47. Qb5 Ng3 48. Qxe8 Nf1+ 49. Kh1 1-0

[Event "Venlo VSV 75 A6"]
[Site "Venlo"]
[Date "2000.08.27"]
[Round "3"]
[White "Erwich, Marc"]
[Black "Wortel, Marten"]
[Result "1/2-1/2"]
[WhiteElo "2205"]
[BlackElo "2296"]
[PlyCount "57"]
[EventDate "2000.08.25"]
[EventType "tourn"]
[EventRounds "3"]
[EventCountry "NED"]
[SourceTitle "EXT 2013"]
[Source "ChessBase"]
[SourceDate "2012.11.22"]
[SourceVersion "1"]
[SourceVersionDate "2012.11.22"]
[SourceQuality "1"]

1. e4 d5 2. exd5 Qxd5 3. Nc3 Qd6 4. d4 Nf6 5. Nf3 Bg4 6. h3 Bh5 7. g4 Bg6 8. Ne5 Nc6 9. Nb5 Qd8 10. Bg2 Nxe5 11. dxe5 Qxd1+ 12. Kxd1 0-0-0+ 13. Ke2 a6 14. Na7+ Kb8 15. exf6 Kxa7 16. Be3+ Kb8 17. Rad1 Rxd1 18. Rxd1 Kc8 19. fxg7 Bxg7 20. c3 h5 21. Rh1 hxg4 22. hxg4 Rxh1 23. Bxh1 c6 24. f4 Bb1 25. a3 Kd7 26. Bc5 e5 27. Ke3 exf4+ 28. Kxf4 Ke6 29. Bf3 1/2-1/2

[Event "Venlo VSV 75 A6"]
[Site "Venlo"]
[Date "2000.08.26"]
[Round "2"]
[White "Wortel, Marten"]
[Black "Lutz, Anke"]
[Result "1-0"]
[WhiteElo "2296"]
[BlackElo "2302"]
[PlyCount "49"]
[EventDate "2000.08.25"]
[EventType "tourn"]
[EventRounds "3"]
[EventCountry "NED"]
[SourceTitle "EXT 2013"]
[Source "ChessBase"]
[SourceDate "2012.11.22"]
[SourceVersion "1"]
[SourceVersionDate "2012.11.22"]
[SourceQuality "1"]

1. e4 c5 2. Nf3 d6 3. d4 cxd4 4. Nxd4 Nf6 5. Nc3 a6 6. f4 e6 7. Be2 Nc6 8. Be3 Be7 9. 0-0 0-0 10. Qe1 Nxd4 11. Bxd4 b5 12. Bd3 b4 13. Nd1 a5 14. Nf2 Ba6 15. Rd1 Nd7 16. Ng4 h5 17. Bxa6 Rxa6 18. Qe2 Qa8 19. Ne3 Rc8 20. Rf3 Rac6 21. Rg3 Nf6 22. Bxf6 Bxf6 23. Qxh5 Qa7 24. e5 dxe5 25. fxe5 1-0

[Event "NED-ch U20"]
[Site "Leiden"]
[Date "2000.05.04"]
[Round "4"]
[White "Wortel, Marten"]
[Black "Werle, Jan"]
[Result "0-1"]
[WhiteElo "2297"]
[BlackElo "2311"]
[PlyCount "56"]
[EventDate "2000.05.01"]
[EventType "swiss"]
[EventRounds "9"]
[EventCountry "NED"]
[SourceTitle "EXT 2002"]
[Source "ChessBase"]
[SourceDate "2001.11.25"]
[SourceVersion "1"]
[SourceVersionDate "2001.11.25"]
[SourceQuality "1"]

1. e4 e5 2. Nc3 Nc6 3. f4 exf4 4. Nf3 g5 5. h4 g4 6. Ng5 d6 7. d4 h6 8. Nxf7 Kxf7 9. Bxf4 Bg7 10. Be3 Nge7 11. Bc4+ Kg6 12. 0-0 Rf8 13. Qd2 Bd7 14. Rxf8 Qxf8 15. Rf1 Qh8 16. Rf7 Rf8 17. Qf2 Be8 18. Rxf8 Qxf8 19. Qd2 Kh7 20. Nb5 Bg6 21. Nxc7 Bxe4 22. c3 d5 23. Be2 Nf5 24. Bxg4 Nxh4 25. Ne6 Qf6 26. Nf4 Ne7 27. Qf2 Neg6 28. Qg3 Nf5 0-1

[Event "NED-ch U20"]
[Site "Leiden"]
[Date "2000.05.03"]
[Round "3"]
[White "Molinari, Gabriel"]
[Black "Wortel, Marten"]
[Result "0-1"]
[WhiteElo "2099"]
[BlackElo "2297"]
[PlyCount "66"]
[EventDate "2000.05.01"]
[EventType "swiss"]
[EventRounds "9"]
[EventCountry "NED"]
[SourceTitle "EXT 2002"]
[Source "ChessBase"]
[SourceDate "2001.11.25"]
[SourceVersion "1"]
[SourceVersionDate "2001.11.25"]
[SourceQuality "1"]

1. e4 c5 2. Nc3 Nc6 3. g3 g6 4. Bg2 Bg7 5. f4 d6 6. Nf3 e6 7. 0-0 Nge7 8. Kh1 Rb8 9. Rb1 b5 10. b3 f5 11. exf5 gxf5 12. Bb2 0-0 13. Re1 e5 14. fxe5 dxe5 15. d3 Qd6 16. Qd2 Kh8 17. Nd1 Nd4 18. Nxd4 cxd4 19. c3 dxc3 20. Qxc3 Ng6 21. Rc1 Bd7 22. Qc7 Qe6 23. Qxa7 Rbc8 24. Nf2 Bc6 25. Bxc6 Rxc6 26. Kg1 Ra6 27. Qb7 Rxa2 28. Rc7 Qg8 29. Bc1 Rb8 30. Qc6 e4 31. dxe4 Ne5 32. Qc3 Rxf2 33. Rxg7 Qxg7 0-1

[Event "Groningen SO ON op-A"]
[Site "Groningen"]
[Date "2000.??.??"]
[Round "8"]
[White "De Jong, Migchiel"]
[Black "Wortel, Marten"]
[Result "1/2-1/2"]
[WhiteElo "2276"]
[BlackElo "2296"]
[PlyCount "83"]
[EventDate "2000.12.??"]
[EventType "swiss"]
[EventRounds "9"]
[EventCountry "NED"]
[SourceTitle "EXT 2002"]
[Source "ChessBase"]
[SourceDate "2001.11.25"]
[SourceVersion "1"]
[SourceVersionDate "2001.11.25"]
[SourceQuality "1"]

1. Nf3 Nf6 2. b3 g6 3. Bb2 Bg7 4. e3 d6 5. d4 0-0 6. c4 e5 7. dxe5 Ng4 8. Nc3 Nxe5 9. Nxe5 Bxe5 10. Be2 Nd7 11. 0-0 Nc5 12. Qd2 c6 13. b4 Na6 14. a3 Qe7 15. Rad1 Rd8 16. f4 Bg7 17. e4 Nc7 18. Bf3 Be6 19. Qe2 f5 20. exf5 gxf5 21. Rfe1 Qf7 22. Bh5 Qf8 23. b5 Bf7 24. Bf3 Ne6 25. Na4 Rab8 26. g3 a6 27. Nb6 axb5 28. cxb5 d5 29. Bxg7 Nxg7 30. Qe7 Qxe7 31. Rxe7 Be6 32. a4 Kf8 33. Rc7 Rd6 34. Nc4 Rd7 35. Rxd7 Bxd7 36. Ne5 Ke7 37. a5 Be8 38. Rb1 cxb5 39. Bxd5 Kd6 40. Bf7 Bxf7 41. Nxf7+ Kc5 42. Ne5 1/2-1/2

[Event "Groningen SO ON op-A"]
[Site "Groningen"]
[Date "2000.??.??"]
[Round "7"]
[White "Wortel, Marten"]
[Black "Markus, John Raymond"]
[Result "1-0"]
[WhiteElo "2296"]
[BlackElo "2238"]
[PlyCount "69"]
[EventDate "2000.12.??"]
[EventType "swiss"]
[EventRounds "9"]
[EventCountry "NED"]
[SourceTitle "EXT 2002"]
[Source "ChessBase"]
[SourceDate "2001.11.25"]
[SourceVersion "1"]
[SourceVersionDate "2001.11.25"]
[SourceQuality "1"]

1. e4 e5 2. f4 exf4 3. Nf3 Ne7 4. d4 d5 5. Nc3 dxe4 6. Nxe4 Nd5 7. Bd3 Be7 8. c4 Ne3 9. Qe2 0-0 10. Bxe3 fxe3 11. 0-0-0 Nc6 12. Qxe3 Bg4 13. Bb1 Bxf3 14. gxf3 f5 15. Ng3 g6 16. d5 Re8 17. f4 Bd6 18. Qf2 Nb8 19. h4 Nd7 20. h5 Bc5 21. Qg2 Be3+ 22. Kc2 Qf6 23. hxg6 hxg6 24. Rh6 Nf8 25. Nh5 Qa6 26. b3 Kf7 27. Kb2 Bc5 28. Bxf5 Qa3+ 29. Kb1 Re3 30. Bxg6+ Nxg6 31. Qxg6+ Ke7 32. Qg7+ Kd8 33. Rh8+ Re8 34. Rxe8+ Kxe8 35. Nf6+ 1-0

[Event "Glorney Cup U20"]
[Site "Bruges"]
[Date "1999.07.29"]
[Round "4"]
[White "Wortel, Marten"]
[Black "Forman, Stepan"]
[Result "1-0"]
[WhiteElo "2283"]
[BlackElo "2253"]
[PlyCount "61"]
[EventDate "1999.07.26"]
[EventType "team"]
[EventRounds "5"]
[EventCountry "BEL"]
[SourceTitle "EXT 2000"]
[Source "ChessBase"]
[SourceDate "1999.11.16"]
[SourceVersion "1"]
[SourceVersionDate "1999.11.16"]
[SourceQuality "1"]

1. e4 c5 2. Nf3 e6 3. d4 cxd4 4. Nxd4 a6 5. Nc3 Qc7 6. Be2 Nf6 7. 0-0 Be7 8. f4 d6 9. Be3 b5 10. e5 dxe5 11. fxe5 Nfd7 12. Bxb5 0-0 13. Bd3 Bb7 14. Nxe6 Qxe5 15. Nxf8 Qxe3+ 16. Kh1 Nxf8 17. Bc4 Bf6 18. Bd5 Qb6 19. Rxf6 gxf6 20. Qf3 Nbd7 21. Bxb7 Rb8 22. Bd5 Qxb2 23. Rf1 Rc8 24. Qg4+ Kh8 25. Bxf7 Ng6 26. Bxg6 hxg6 27. Qh3+ Kg8 28. Nd5 Qb5 29. Qe6+ Kf8 30. Rxf6+ Nxf6 31. Qe7+ 1-0

[Event "NED-ch U20 "]
[Site "Leiden"]
[Date "1999.05.11"]
[Round "9"]
[White "Janssen, Ruud"]
[Black "Wortel, Marten"]
[Result "1-0"]
[WhiteElo "2445"]
[BlackElo "2281"]
[PlyCount "93"]
[EventDate "1999.05.??"]
[EventType "swiss"]
[EventRounds "9"]
[EventCountry "NED"]
[SourceTitle "CBM 070 Extra"]
[Source "ChessBase"]
[SourceDate "1999.07.10"]
[SourceVersion "1"]
[SourceVersionDate "1999.07.10"]
[SourceQuality "1"]

1. Nf3 g6 2. c4 Bg7 3. Nc3 Nf6 4. g3 0-0 5. Bg2 d6 6. 0-0 e5 7. d3 h6 8. Rb1 Be6 9. b4 Qd7 10. Re1 Bh3 11. Bh1 Ng4 12. b5 f5 13. Bb2 Kh7 14. Qc2 a6 15. a4 Qf7 16. Nd5 axb5 17. cxb5 c6 18. Nb6 Ra7 19. Nc4 Qe6 20. Ba3 c5 21. Nxd6 b6 22. Nc4 e4 23. Nh4 f4 24. Bxe4 fxg3 25. fxg3 Rf2 26. Bb2 Kh8 27. Bxg7+ Rxg7 28. Qc3 g5 29. Bg2 gxh4 30. Bxh3 hxg3 31. hxg3 Qd5 32. Rf1 Rxe2 33. Rb2 Rxb2 34. Qxb2 Qxd3 35. Rf7 Qxg3+ 36. Bg2 Qe1+ 37. Bf1 Qg3+ 38. Bg2 Qe1+ 39. Bf1 Qg3+ 40. Bg2 Qe1+ 41. Rf1 Qe7 42. a5 bxa5 43. b6 Ne3 44. Ne5 Qe8 45. Rf2 Rxg2+ 46. Rxg2 Nxg2 47. Nd7+ 1-0

[Event "NED-ch U20 "]
[Site "Leiden"]
[Date "1999.05.09"]
[Round "7"]
[White "Wortel, Marten"]
[Black "Willemze, Thomas"]
[Result "1-0"]
[WhiteElo "2281"]
[BlackElo "2249"]
[PlyCount "73"]
[EventDate "1999.05.??"]
[EventType "swiss"]
[EventRounds "9"]
[EventCountry "NED"]
[SourceTitle "CBM 070 Extra"]
[Source "ChessBase"]
[SourceDate "1999.07.10"]
[SourceVersion "1"]
[SourceVersionDate "1999.07.10"]
[SourceQuality "1"]

1. e4 e6 2. d4 d5 3. exd5 exd5 4. Bd3 Nc6 5. c3 Bd6 6. Qf3 Be6 7. Ne2 Qd7 8. Na3 a6 9. Bf4 Nf6 10. Bxd6 Qxd6 11. Qg3 Qxg3 12. hxg3 Ne7 13. f3 Bf5 14. Kd2 0-0-0 15. Nc2 Bxd3 16. Kxd3 Nf5 17. g4 Nd6 18. Ne3 h6 19. Ng3 c6 20. Nef5 Nxf5 21. Nxf5 Ne8 22. Rae1 Rd7 23. g5 h5 24. g6 fxg6 25. Ne7+ Kd8 26. Nxg6 Rh6 27. Nf4 Nf6 28. Re5 Re7 29. Rg5 Kc8 30. Kd2 Kc7 31. Re1 Rxe1 32. Rxg7+ Kd6 33. Kxe1 b5 34. Ra7 h4 35. Kf2 Nh5 36. Nd3 Ng3 37. Nc5 1-0

[Event "Sonnevanck 7th"]
[Site "Wijk aan Zee"]
[Date "1998.12.08"]
[Round "7"]
[White "Vink, Nico"]
[Black "Wortel, Marten"]
[Result "1-0"]
[WhiteElo "2285"]
[BlackElo "2285"]
[PlyCount "53"]
[EventDate "1998.12.01"]
[EventType "tourn"]
[EventRounds "9"]
[EventCountry "NED"]
[EventCategory "6"]
[SourceTitle "EXT 2000"]
[Source "ChessBase"]
[SourceDate "1999.11.16"]
[SourceVersion "1"]
[SourceVersionDate "1999.11.16"]
[SourceQuality "1"]

1. e4 c5 2. Nf3 d6 3. d4 cxd4 4. Nxd4 Nf6 5. Nc3 g6 6. Be3 Bg7 7. Be2 0-0 8. 0-0 Nc6 9. Nb3 Be6 10. f4 Na5 11. f5 Bc4 12. Bd3 Qc7 13. Bd4 Nxb3 14. axb3 Bxd3 15. cxd3 e6 16. Qf3 Qc6 17. Rac1 gxf5 18. Nd5 Nxd5 19. Qg3 e5 20. Rxc6 f4 21. Qh3 bxc6 22. exd5 exd4 23. dxc6 f5 24. Rxf4 Rac8 25. Qf3 Be5 26. Rxf5 Rxf5 27. Qg4+ 1-0

[Event "Sonnevanck 7th"]
[Site "Wijk aan Zee"]
[Date "1998.12.05"]
[Round "5"]
[White "Romero Holmes, Alfonso"]
[Black "Wortel, Marten"]
[Result "1-0"]
[WhiteElo "2485"]
[BlackElo "2285"]
[PlyCount "131"]
[EventDate "1998.12.01"]
[EventType "tourn"]
[EventRounds "9"]
[EventCountry "NED"]
[EventCategory "6"]
[SourceTitle "EXT 2000"]
[Source "ChessBase"]
[SourceDate "1999.11.16"]
[SourceVersion "1"]
[SourceVersionDate "1999.11.16"]
[SourceQuality "1"]

1. e4 d6 2. Nc3 g6 3. f4 Bg7 4. Nf3 Nf6 5. Bc4 c6 6. Bb3 Na6 7. d4 Nc7 8. 0-0 0-0 9. a4 b6 10. Re1 d5 11. e5 Nfe8 12. Be3 f5 13. Ne2 Ba6 14. c3 e6 15. h3 Qe7 16. Bc2 c5 17. Qd2 Bxe2 18. Rxe2 c4 19. g4 Bh6 20. Rg2 Qf7 21. g5 Bg7 22. h4 Qd7 23. h5 Kf7 24. Rh2 Rh8 25. Kf2 Na6 26. Rah1 Nec7 27. Kg3 Rag8 28. Bd1 Qe8 29. b3 b5 30. axb5 Qxb5 31. b4 Nb8 32. Qc1 Nc6 33. Ra2 Ra8 34. Nh4 a5 35. Ba4 Qb6 36. Bxc6 Qxc6 37. bxa5 Qb5 38. Rhh2 Rxa5 39. Rhb2 Qa6 40. Qa1 Rxa2 41. Rxa2 Qc6 42. h6 Bf8 43. Bc1 Be7 44. Ba3 Bxa3 45. Rxa3 Ra8 46. Nf3 Rxa3 47. Qxa3 Qb7 48. Qd6 Ne8 49. Qd8 Qc7 50. Qa8 Qb6 51. Nh4 Qc7 52. Nxg6 hxg6 53. h7 Kg7 54. Qxe8 Kxh7 55. Qxe6 Qb7 56. Kh4 Qb2 57. Qf7+ Kh8 58. Qf8+ Kh7 59. Qh6+ Kg8 60. Qxg6+ Kh8 61. Qh6+ Kg8 62. Kh5 Qa2 63. Qg6+ Kh8 64. Qe8+ Kg7 65. Qe7+ Kg8 66. Kg6 1-0